000 00775cab a2200253 4500
001 WB3108-21
008 090401t1995 xxu||||| |||| 00| 0 eng d
035 _a(Sirsi) u9579
041 _aeng
245 _aInternet for house sales
260 _c1995
350 _a0
490 _aTimes
_v22 February 1995, 41(1)
520 _a`Nationwide Property Selections` claim to be the first UK estate agent to advertise residential properties for sale on the Internet.
650 _aCOMPUTER MATCHING
650 _aESTATE AGENTS
650 _aHOUSE SALES
650 _aINTERNET
650 _aNATIONWIDE PROPERTY SELECTIONS
690 _aMANAGEMENT-BUSINESS MANAGEMENT-INFORMATION MANAGEMENT
690 _aPROPERTY LAW AND PRACTICE
942 _n0
948 _c04/03/1997
999 _c6002
_d6002